Normal view
MARC view
- H C Brookfield ; Yvonne Byron ; Lesley M Potter
Entry Personal Name
001 - CONTROL NUMBER
- control field: 9351
003 - CONTROL NUMBER IDENTIFIER
- control field: NUST
005 - DATE AND TIME OF LATEST TRANSACTION
- control field: 20180121120911.0
008 - FIXED-LENGTH DATA ELEMENTS
- fixed length control field: 180121|| aca||aabn | a|a d
040 ## - CATALOGING SOURCE
- Original cataloging agency: NUST
- Transcribing agency: NUST
100 ## - HEADING--PERSONAL NAME
- Personal name: H C Brookfield ; Yvonne Byron ; Lesley M Potter
670 ## - SOURCE DATA FOUND
- Source citation: Work cat.: (NUST)320941: H C Brookfield ; Yvonne Byron ; Lesley M Potter, In place of the forest : environmental and socio-economic transformation in Borneo and the eastern Malay Peninsula, 1995
